[Event "Managua Arellano Memorial"]
[Site "Managua"]
[Date "2023.08.06"]
[Round "9"]
[White "Ulloa Diaz, Felipe Josue"]
[Black "Acevedo, Guillermo"]
[Result "1/2-1/2"]
[WhiteElo "1778"]
[BlackElo "1830"]
[PlyCount "83"]
[EventDate "2023.07.22"]
[EventType "swiss"]
[EventRounds "9"]
[EventCountry "NCA"]
[SourceTitle "EXT 2024"]
[Source "ChessBase"]
[SourceDate "2023.10.10"]
[SourceVersion "1"]
[SourceVersionDate "2023.10.10"]
[SourceQuality "1"]

1. e4 c5 2. Nf3 d6 3. d4 cxd4 4. Nxd4 Nf6 5. Nc3 a6 6. Be2 e5 7. Nb3 Be7 8. Be3 0-0 9. 0-0 b5 10. Bf3 Bb7 11. a3 Nbd7 12. Qe2 Rc8 13. Rfd1 Nb6 14. Nc5 Qc7 15. Nxb7 Qxb7 16. Bxb6 Qxb6 17. Nd5 Nxd5 18. Rxd5 Rc4 19. Rad1 Rfc8 20. c3 Bf8 21. h4 a5 22. Qd3 b4 23. axb4 axb4 24. Be2 bxc3 25. Qc2 Rb4 26. bxc3 Rb2 27. Qd3 Qb3 28. Rb5 Qxb5 29. Qxb5 Rxb5 30. Bxb5 Rxc3 31. Ba6 Rc7 32. Rb1 g6 33. Bb7 Kg7 34. Bd5 Be7 35. g3 f5 36. f3 f4 37. Kg2 fxg3 38. Kxg3 g5 39. hxg5 Bxg5 40. Rb7 Rxb7 41. Bxb7 Bd2 42. Bc6 1/2-1/2

[Event "Managua Hurtado Memorial 22nd"]
[Site "Managua"]
[Date "2022.12.30"]
[Round "8"]
[White "Acevedo, Guillermo"]
[Black "Vasquez Zavala, Jesus Adonay"]
[Result "1-0"]
[WhiteElo "1868"]
[BlackElo "1639"]
[PlyCount "71"]
[EventDate "2022.12.26"]
[EventType "swiss"]
[EventRounds "9"]
[EventCountry "NCA"]
[SourceTitle "CBM 212 Extra"]
[Source "ChessBase"]
[SourceDate "2023.03.31"]
[SourceVersion "1"]
[SourceVersionDate "2023.03.31"]
[SourceQuality "1"]

1. d4 Nf6 2. c4 g6 3. Nc3 Bg7 4. e4 d6 5. Nf3 0-0 6. Bg5 c5 7. d5 Qa5 8. Bd2 a6 9. a4 Qd8 10. h3 e6 11. Bd3 exd5 12. cxd5 Re8 13. 0-0 Nbd7 14. Bf4 Nf8 15. Nd2 Nh5 16. Bh2 h6 17. Nc4 Be5 18. f4 Bd4+ 19. Kh1 Qh4 20. Qf3 Qe7 21. e5 Ng7 22. Nxd6 Rd8 23. Nxc8 Raxc8 24. d6 Qd7 25. Nd5 Kh8 26. Nb6 Qc6 27. Nxc8 Qxc8 28. Rab1 c4 29. Be4 Rd7 30. f5 Nxf5 31. Bxf5 gxf5 32. Qxf5 Ne6 33. Qh5 Qf8 34. Rf6 Kh7 35. Rbf1 Nd8 36. Qf5+ 1-0

[Event "Managua Hurtado Memorial op"]
[Site "Managua"]
[Date "2021.12.29"]
[Round "7"]
[White "Acevedo, Guillermo"]
[Black "Vanegas Lopez, Natanael Emanuel"]
[Result "1/2-1/2"]
[WhiteElo "1876"]
[BlackElo "1882"]
[PlyCount "52"]
[EventDate "2021.12.26"]
[EventType "swiss"]
[EventRounds "9"]
[EventCountry "NCA"]
[SourceTitle "CBM 206 Extra"]
[Source "ChessBase"]
[SourceDate "2022.03.31"]
[SourceVersion "1"]
[SourceVersionDate "2022.03.31"]
[SourceQuality "1"]

1. d4 Nf6 2. Nf3 d5 3. c4 e6 4. Nc3 Be7 5. Bg5 0-0 6. e3 h6 7. Bh4 Ne4 8. Bxe7 Qxe7 9. cxd5 Nxc3 10. bxc3 exd5 11. Qc2 Nd7 12. Bd3 Nf6 13. 0-0 Be6 14. h3 c5 15. Rab1 Rfc8 16. Qb2 Rc7 17. Qa3 cxd4 18. Qxe7 Rxe7 19. cxd4 Rc8 20. Rb3 Ne8 21. Rfb1 Nd6 22. Ra3 b6 23. Ba6 Rc2 24. Bd3 Rc8 25. Ba6 Rc2 26. Bd3 Rcc7 1/2-1/2

[Event "Managua Hurtado Memorial op"]
[Site "Managua"]
[Date "2021.12.26"]
[Round "1"]
[White "Acevedo, Guillermo"]
[Black "Godoy Barbosa, Jaime"]
[Result "1-0"]
[WhiteElo "1876"]
[BlackElo "1489"]
[PlyCount "61"]
[EventDate "2021.12.26"]
[EventType "swiss"]
[EventRounds "9"]
[EventCountry "NCA"]
[SourceTitle "CBM 206 Extra"]
[Source "ChessBase"]
[SourceDate "2022.03.31"]
[SourceVersion "1"]
[SourceVersionDate "2022.03.31"]
[SourceQuality "1"]

1. d4 f5 2. c4 Nf6 3. Nc3 e6 4. Nf3 Be7 5. g3 0-0 6. Bg2 c6 7. 0-0 d5 8. b3 Ne4 9. Qc2 Nd7 10. a4 Qe8 11. Ba3 g5 12. Ne5 Nxe5 13. dxe5 Bxa3 14. Rxa3 Qe7 15. Nb1 Qg7 16. f3 Nc5 17. cxd5 Nxa4 18. bxa4 exd5 19. f4 gxf4 20. gxf4 Kh8 21. Rg3 Qh6 22. e3 Be6 23. Rff3 Rg8 24. Nd2 Rg6 25. Rxg6 Qxg6 26. Rg3 Qf7 27. Nb3 Rg8 28. Rxg8+ Qxg8 29. Qc5 a6 30. Qe7 h5 31. Nd4 1-0

[Event "Managua Ramirez de Arellano Memorial"]
[Site "Managua"]
[Date "2021.08.08"]
[Round "9"]
[White "Gutierrez, Oscar"]
[Black "Acevedo, Guillermo"]
[Result "1-0"]
[WhiteElo "1848"]
[BlackElo "1816"]
[PlyCount "87"]
[EventDate "2021.07.10"]
[EventType "swiss"]
[EventRounds "9"]
[EventCountry "NCA"]
[SourceTitle "EXT 2023"]
[Source "ChessBase"]
[SourceDate "2022.10.05"]
[SourceVersion "1"]
[SourceVersionDate "2022.10.05"]
[SourceQuality "1"]

1. d4 Nf6 2. Nf3 e6 3. b3 d5 4. Bb2 Be7 5. g3 0-0 6. Bg2 b5 7. 0-0 Nbd7 8. a4 b4 9. Ne5 Nxe5 10. dxe5 Ne8 11. c4 c6 12. Nd2 Ba6 13. Qc2 Rc8 14. Rfd1 f5 15. e3 g5 16. Nf3 Ng7 17. Nd4 Qe8 18. Rac1 Qh5 19. Qd2 dxc4 20. bxc4 Rfd8 21. c5 f4 22. Qxb4 Nf5 23. exf4 gxf4 24. Qb3 Rb8 25. Qxe6+ Qf7 26. Qxf5 Rxb2 27. Qg4+ Kh8 28. e6 Qf6 29. Qxf4 Qxf4 30. gxf4 Rg8 31. Nf5 Rb7 32. Rd7 Rxd7 33. exd7 Bd8 34. Re1 Bc4 35. Re8 Bd5 36. Rxg8+ Kxg8 37. Bxd5+ cxd5 38. Nd4 Kf7 39. Nc6 Ke6 40. Nxd8+ Kxd7 41. Nf7 Kc6 42. Ne5+ Kxc5 43. f5 Kd6 44. f6 1-0

[Event "Managua Ramirez de Arellano Memorial"]
[Site "Managua"]
[Date "2021.08.07"]
[Round "7"]
[White "Acevedo, Guillermo"]
[Black "Rocha, Maximiliano"]
[Result "1-0"]
[WhiteElo "1816"]
[BlackElo "2111"]
[PlyCount "77"]
[EventDate "2021.07.10"]
[EventType "swiss"]
[EventRounds "9"]
[EventCountry "NCA"]
[SourceTitle "EXT 2023"]
[Source "ChessBase"]
[SourceDate "2022.10.05"]
[SourceVersion "1"]
[SourceVersionDate "2022.10.05"]
[SourceQuality "1"]

1. d4 Nf6 2. Nf3 d6 3. c4 b6 4. Nc3 Bb7 5. Qc2 Nbd7 6. e4 e5 7. Be2 Be7 8. 0-0 0-0 9. d5 Re8 10. Ne1 Nf8 11. Nd3 Ng6 12. f4 exf4 13. Bxf4 Nd7 14. Bh5 Bg5 15. Bxg6 hxg6 16. Bxg5 Qxg5 17. Qf2 Re7 18. Rae1 Rf8 19. Nf4 Nf6 20. Nd3 Ba6 21. b3 Bc8 22. Nb4 a6 23. Nc6 Ree8 24. a4 Bd7 25. a5 Bxc6 26. dxc6 Qxa5 27. Nd5 Nxe4 28. Qd4 Nf6 29. Ra1 Qc5 30. Qxc5 bxc5 31. Nxc7 Re3 32. Nd5 Nxd5 33. cxd5 Ra8 34. Rae1 Rae8 35. Kf2 Rxe1 36. Rxe1 Rb8 37. Re7 Kf8 38. Rd7 c4 39. c7 1-0

[Event "Managua Ramirez de Arellano Memorial"]
[Site "Managua"]
[Date "2021.07.18"]
[Round "5"]
[White "Acevedo, Guillermo"]
[Black "Espinoza Roman, Juan Carlos"]
[Result "1-0"]
[WhiteElo "1816"]
[BlackElo "1782"]
[PlyCount "95"]
[EventDate "2021.07.10"]
[EventType "swiss"]
[EventRounds "9"]
[EventCountry "NCA"]
[SourceTitle "EXT 2023"]
[Source "ChessBase"]
[SourceDate "2022.10.05"]
[SourceVersion "1"]
[SourceVersionDate "2022.10.05"]
[SourceQuality "1"]

1. d4 Nf6 2. Nf3 e6 3. c4 b6 4. a3 Be7 5. Nc3 Bb7 6. Bg5 Ne4 7. Bxe7 Qxe7 8. d5 Nxc3 9. bxc3 exd5 10. cxd5 Qc5 11. e4 Qxc3+ 12. Nd2 0-0 13. Bc4 Ba6 14. Rc1 Qe5 15. 0-0 Bxc4 16. Rxc4 Na6 17. Qc2 Nc5 18. f4 Qe7 19. Nf3 h6 20. Re1 Rfe8 21. Nd4 g6 22. Nb5 Rec8 23. e5 d6 24. e6 f5 25. Nd4 Qf6 26. Nc6 Re8 27. a4 a5 28. Rc3 Kg7 29. Rg3 Ne4 30. Rge3 Nc5 31. e7 Kh7 32. h3 Kg7 33. Kh2 Kg8 34. Rg3 Kf7 35. Rge3 Kg7 36. Qf2 Nxa4 37. Re6 Qc3 38. R1e3 Qb2 39. Qg3 g5 40. fxg5 h5 41. Qf3 Nc5 42. Qxh5 Nxe6 43. Rxe6 Kg8 44. Rg6+ Qg7 45. Rxg7+ Kxg7 46. Qh6+ Kf7 47. Qf6+ Kg8 48. g6 1-0

[Event "Managua Ramirez de Arellano Memorial"]
[Site "Managua"]
[Date "2021.07.10"]
[Round "1"]
[White "Fonseca Trana, Norlan Antonio"]
[Black "Acevedo, Guillermo"]
[Result "0-1"]
[WhiteElo "1362"]
[BlackElo "1816"]
[PlyCount "50"]
[EventDate "2021.07.10"]
[EventType "swiss"]
[EventRounds "9"]
[EventCountry "NCA"]
[SourceTitle "EXT 2023"]
[Source "ChessBase"]
[SourceDate "2022.10.05"]
[SourceVersion "1"]
[SourceVersionDate "2022.10.05"]
[SourceQuality "1"]

1. e4 c5 2. Nf3 d6 3. Bc4 e6 4. d3 a6 5. a4 Nc6 6. c3 Nf6 7. 0-0 h6 8. h3 Be7 9. Re1 Qc7 10. Nbd2 Ne5 11. Nxe5 dxe5 12. Nf3 0-0 13. Be3 Rd8 14. Qc2 b6 15. Rad1 Bb7 16. Rb1 Bc6 17. b4 b5 18. axb5 axb5 19. Bb3 c4 20. dxc4 bxc4 21. Ba2 Bxe4 22. Qb2 Bxb1 23. Rxb1 Nd5 24. Nd2 Nxe3 25. fxe3 Qa7 0-1

[Event "Managua Hurtado Memorial 19th"]
[Site "Managua"]
[Date "2019.12.28"]
[Round "4"]
[White "Cardenas Carbajal, Nilson"]
[Black "Acevedo, Guillermo"]
[Result "1-0"]
[WhiteElo "2120"]
[BlackElo "1857"]
[PlyCount "43"]
[EventDate "2019.12.26"]
[EventType "swiss"]
[EventRounds "9"]
[EventCountry "NCA"]
[SourceTitle "CBM 195 Extra"]
[Source "ChessBase"]
[SourceDate "2020.05.31"]
[SourceVersion "1"]
[SourceVersionDate "2020.05.31"]
[SourceQuality "1"]

1. e4 c5 2. d4 cxd4 3. c3 Nc6 4. cxd4 d5 5. exd5 Qxd5 6. Nf3 Bg4 7. Nc3 Bxf3 8. gxf3 Qa5 9. d5 Ne5 10. Bb5+ Nd7 11. Bxd7+ Kxd7 12. Bf4 Rc8 13. Qb3 b6 14. 0-0 Nf6 15. Rac1 g5 16. Nb5 Bh6 17. Be5 Rhg8 18. Bxf6 exf6 19. d6 Rgf8 20. Rxc8 Kxc8 21. Qc4+ Kb7 22. Qd5+ 1-0

[Event "Managua Hurtado Memorial 19th"]
[Site "Managua"]
[Date "2019.12.27"]
[Round "2"]
[White "Ortiz, Marcos"]
[Black "Acevedo, Guillermo"]
[Result "1-0"]
[WhiteElo "2173"]
[BlackElo "1857"]
[PlyCount "53"]
[EventDate "2019.12.26"]
[EventType "swiss"]
[EventRounds "9"]
[EventCountry "NCA"]
[SourceTitle "CBM 195 Extra"]
[Source "ChessBase"]
[SourceDate "2020.05.31"]
[SourceVersion "1"]
[SourceVersionDate "2020.05.31"]
[SourceQuality "1"]

1. e4 c5 2. Nf3 d6 3. d4 cxd4 4. Nxd4 Nf6 5. Nc3 a6 6. Bg5 e6 7. f4 h6 8. Bh4 Qb6 9. a3 Nc6 10. Bf2 Qc7 11. Qf3 Nxd4 12. Bxd4 b5 13. Bd3 Bb7 14. 0-0-0 Rc8 15. Rhe1 Be7 16. Qg3 Nh5 17. Qg4 Nxf4 18. Qxg7 Rf8 19. Kb1 Nxd3 20. Rxd3 e5 21. Bf2 a5 22. Re2 b4 23. Nb5 Qd7 24. Nxd6+ Bxd6 25. Red2 Qe7 26. Rxd6 Qg5 27. Re6+ 1-0

[Event "NCA-chT final"]
[Site "Managua"]
[Date "2019.11.17"]
[Round "10.3"]
[White "Castillo Sevilla, Ian Eiffel"]
[Black "Acevedo, Guillermo"]
[Result "1-0"]
[WhiteElo "2102"]
[BlackElo "1866"]
[PlyCount "115"]
[EventDate "2019.10.26"]
[EventType "team-tourn"]
[EventRounds "11"]
[EventCountry "NCA"]
[SourceTitle "EXT 2021"]
[Source "ChessBase"]
[SourceDate "2020.10.23"]
[SourceVersion "1"]
[SourceVersionDate "2020.10.23"]
[SourceQuality "1"]
[WhiteTeam "Granada"]
[BlackTeam "Jane Allens Knights"]
[WhiteTeamCountry "NCA"]
[BlackTeamCountry "NCA"]

1. d4 Nf6 2. Bf4 e6 3. e3 b6 4. Nd2 Bb7 5. h3 d6 6. Ngf3 Nbd7 7. Bd3 Be7 8. 0-0 h6 9. Qe2 Nd5 10. Bh2 Nb4 11. e4 Nxd3 12. Qxd3 0-0 13. Rfe1 Re8 14. Rac1 Rc8 15. c4 c5 16. d5 e5 17. Nf1 Nf8 18. Ne3 Rc7 19. Nf5 Bc8 20. Rc3 Ng6 21. Nd2 Bf6 22. Qf3 Nh4 23. Nxh4 Bxh4 24. Nf1 g6 25. g3 Bf6 26. Qg2 Bg7 27. g4 Kh8 28. Rf3 Rg8 29. Ne3 Bf6 30. Kh1 Bg5 31. Rg1 f6 32. Bg3 Rh7 33. h4 h5 34. gxh5 Rxh5 35. Qh2 Rg7 36. Kg2 Bh6 37. Kf1 f5 38. exf5 gxf5 39. Bxe5 dxe5 40. Qxe5 Kh7 41. Rfg3 Rxg3 42. Qxg3 Rxh4 43. Qg6+ Kh8 44. Nxf5 Bxf5 45. Qxf5 Rf4 46. Qe6 Qf8 47. Rg8+ Qxg8 48. Qxh6+ Qh7 49. Qxf4 Qb1+ 50. Kg2 Qg6+ 51. Kh3 Qd3+ 52. Kh4 Qh7+ 53. Kg5 Qg7+ 54. Kh5 Qxb2 55. Qf8+ Kh7 56. Qf7+ Kh8 57. Kg6 Qc2+ 58. Qf5 1-0

[Event "NCA-chT final"]
[Site "Managua"]
[Date "2019.10.26"]
[Round "2.3"]
[White "Acevedo, Guillermo"]
[Black "Sandoval Gutierrez, William"]
[Result "1-0"]
[WhiteElo "1866"]
[BlackElo "1634"]
[PlyCount "59"]
[EventDate "2019.10.26"]
[EventType "team-tourn"]
[EventRounds "11"]
[EventCountry "NCA"]
[SourceTitle "EXT 2021"]
[Source "ChessBase"]
[SourceDate "2020.10.23"]
[SourceVersion "1"]
[SourceVersionDate "2020.10.23"]
[SourceQuality "1"]
[WhiteTeam "Jane Allens Knights"]
[BlackTeam "Diamante de Las Segovias"]
[WhiteTeamCountry "NCA"]
[BlackTeamCountry "NCA"]

1. d4 g6 2. c4 Bg7 3. Nc3 c5 4. d5 d6 5. g3 Nf6 6. Bg2 0-0 7. Nf3 Bd7 8. 0-0 Na6 9. Re1 Nc7 10. a4 b6 11. e4 Nce8 12. e5 Ng4 13. e6 fxe6 14. dxe6 Bc6 15. Nd5 Nef6 16. h3 Ne5 17. Nxe5 dxe5 18. Nxf6+ Bxf6 19. Bxc6 Rb8 20. Bh6 Qxd1 21. Raxd1 Rfc8 22. Bd5 a6 23. b3 b5 24. axb5 axb5 25. Bc1 e4 26. Rxe4 Bd4 27. Be3 Bf6 28. Bf4 Rb6 29. Be5 Bg5 30. h4 1-0

[Event "Managua Hurtado Memorial 18th"]
[Site "Managua"]
[Date "2018.12.28"]
[Round "5"]
[White "Acevedo, Guillermo"]
[Black "Davila, Carlos"]
[Result "0-1"]
[WhiteElo "1866"]
[BlackElo "2259"]
[PlyCount "76"]
[EventDate "2018.12.26"]
[EventType "swiss"]
[EventRounds "9"]
[EventCountry "NCA"]
[SourceTitle "EXT 2020"]
[Source "ChessBase"]
[SourceDate "2019.10.17"]
[SourceVersion "1"]
[SourceVersionDate "2019.10.17"]
[SourceQuality "1"]

1. d4 g6 2. e4 Bg7 3. Nf3 d6 4. h3 Nf6 5. Bd3 0-0 6. 0-0 Nc6 7. c3 e5 8. dxe5 Nxe5 9. Nxe5 dxe5 10. Na3 b6 11. Qe2 Bb7 12. Bg5 a6 13. Rad1 Qe8 14. Bc2 Nh5 15. Rd2 h6 16. Be3 Nf4 17. Bxf4 exf4 18. Rfd1 b5 19. Qg4 Qe5 20. Qd7 f3 21. g3 Bc8 22. Qd5 Bxh3 23. Qxe5 Bxe5 24. Bb3 Rab8 25. Nc2 Rb6 26. Rd5 Re8 27. Kh2 Bg4 28. Ne3 h5 29. Nxg4 hxg4 30. Rd8 Kf8 31. Rxe8+ Kxe8 32. Rd5 f6 33. Rd2 Ke7 34. Bg8 Rb8 35. Bb3 Rh8+ 36. Kg1 Bd6 37. Rd5 c6 38. Rd2 Rh3 0-1

[Event "Managua Hurtado Memorial 18th"]
[Site "Managua"]
[Date "2018.12.28"]
[Round "4"]
[White "Burgos Figueroa, Carlos Ernesto"]
[Black "Acevedo, Guillermo"]
[Result "1-0"]
[WhiteElo "2245"]
[BlackElo "1866"]
[PlyCount "35"]
[EventDate "2018.12.26"]
[EventType "swiss"]
[EventRounds "9"]
[EventCountry "NCA"]
[SourceTitle "EXT 2020"]
[Source "ChessBase"]
[SourceDate "2019.10.17"]
[SourceVersion "1"]
[SourceVersionDate "2019.10.17"]
[SourceQuality "1"]

1. c4 Nf6 2. Nf3 c5 3. g3 Nc6 4. b3 e5 5. d3 d6 6. Bg2 Bd7 7. Nc3 Be7 8. h3 Qc8 9. Bg5 Nd4 10. e4 a6 11. Bxf6 Bxf6 12. Nd5 Bd8 13. Nxd4 cxd4 14. h4 Be6 15. 0-0 0-0 16. f4 Bg4 17. Bf3 h5 18. f5 1-0

[Event "NCA-chT"]
[Site "Managua"]
[Date "2015.11.21"]
[Round "4.2"]
[White "Acevedo, Guillermo"]
[Black "Alfaro Caracas, William"]
[Result "0-1"]
[WhiteElo "1896"]
[BlackElo "2164"]
[PlyCount "82"]
[EventDate "2015.11.14"]
[EventType "team-tourn"]
[EventRounds "9"]
[EventCountry "NCA"]
[SourceTitle "EXT 2018"]
[Source "ChessBase"]
[SourceDate "2017.10.13"]
[SourceVersion "1"]
[SourceVersionDate "2017.10.13"]
[SourceQuality "1"]
[WhiteTeam "Jane Allen's Knights"]
[BlackTeam "Joaquin Hurtado"]
[WhiteTeamCountry "NCA"]
[BlackTeamCountry "NCA"]

1. d4 Nf6 2. c4 c5 3. d5 b5 4. cxb5 a6 5. b6 e6 6. Nc3 Nxd5 7. Nxd5 exd5 8. Qxd5 Nc6 9. Nf3 Rb8 10. Ne5 Qf6 11. Nxc6 dxc6 12. Qf3 Be7 13. Qxf6 Bxf6 14. e4 Rxb6 15. Bd3 Be6 16. f4 Bxb2 17. Bxb2 Rxb2 18. Rb1 Rxb1+ 19. Bxb1 Ke7 20. Kd1 Rb8 21. Kc1 f6 22. Re1 Rb4 23. Re3 Ra4 24. Kb2 h6 25. f5 Bf7 26. Rg3 Kf8 27. Ra3 Rxa3 28. Kxa3 Bc4 29. Kb2 Ke7 30. Kc3 Bf1 31. g3 Kd6 32. a4 a5 33. Kd2 c4 34. Ke3 Ke5 35. Bc2 h5 36. Bb1 Bg2 37. Bc2 Bh3 38. Bb1 Bg4 39. Ba2 Bd1 40. Bxc4 Bxa4 41. Ba2 Bc2 0-1

[Event "NCA-chT Primera Division"]
[Site "Managua"]
[Date "2012.02.26"]
[Round "8.10"]
[White "Acevedo, Guillermo"]
[Black "Cano, Carlos1111"]
[Result "1-0"]
[WhiteElo "2036"]
[BlackElo "1991"]
[PlyCount "101"]
[EventDate "2012.02.17"]
[EventType "swiss"]
[EventRounds "9"]
[EventCountry "NCA"]
[SourceTitle "EXT 2024"]
[Source "ChessBase"]
[SourceDate "2023.10.10"]
[SourceVersion "1"]
[SourceVersionDate "2023.10.10"]
[SourceQuality "1"]

1. e4 d6 2. d4 Nf6 3. Nc3 c6 4. h3 Qa5 5. Nf3 Nxe4 6. Bd2 Nxd2 7. Qxd2 g6 8. Bd3 Bg7 9. 0-0 0-0 10. Rfe1 e6 11. Qf4 d5 12. h4 Na6 13. h5 Qc7 14. Qh4 Qd8 15. Qg3 Nb4 16. Rad1 Nxd3 17. Rxd3 b6 18. hxg6 hxg6 19. Ne5 Bd7 20. Ne2 c5 21. Qg4 Bxe5 22. dxe5 Bb5 23. Rf3 Bxe2 24. Rxe2 Kg7 25. Rf6 Rh8 26. Re3 Qe7 27. Ref3 Raf8 28. Qg5 Qc7 29. Ra3 Rh6 30. Raf3 Rh5 31. Qf4 Rf5 32. Rxf5 exf5 33. g4 Qd7 34. gxf5 Qxf5 35. Qxf5 gxf5 36. Rxf5 Rd8 37. Kf1 Rd7 38. Rf6 Re7 39. f4 Re6 40. Rf5 d4 41. Kf2 f6 42. Kf3 Kg6 43. Rxf6+ Rxf6 44. exf6 Kxf6 45. Ke4 Ke6 46. b4 Kf6 47. bxc5 bxc5 48. Kd5 Kf5 49. Kxc5 Ke4 50. Kc4 a6 51. a3 1-0

[Event "NCA-chT Primera Division"]
[Site "Managua"]
[Date "2012.02.18"]
[Round "4.7"]
[White "Acevedo, Guillermo"]
[Black "Mendez, Paulino"]
[Result "1-0"]
[WhiteElo "2036"]
[BlackElo "1884"]
[PlyCount "93"]
[EventDate "2012.02.17"]
[EventType "swiss"]
[EventRounds "9"]
[EventCountry "NCA"]
[SourceTitle "EXT 2024"]
[Source "ChessBase"]
[SourceDate "2023.10.10"]
[SourceVersion "1"]
[SourceVersionDate "2023.10.10"]
[SourceQuality "1"]

1. e4 c6 2. d4 d5 3. Nc3 dxe4 4. Nxe4 Bf5 5. Ng3 Bg6 6. h4 h6 7. Nf3 Nd7 8. h5 Bh7 9. Bd3 Bxd3 10. Qxd3 Qc7 11. Bd2 Ngf6 12. 0-0-0 e6 13. Ne4 0-0-0 14. c4 Be7 15. Nxf6 Bxf6 16. Qa3 Nb6 17. c5 Nc4 18. Qxa7 Bxd4 19. Nxd4 Rxd4 20. Bc3 Qf4+ 21. Kb1 Qe4+ 22. Ka1 Rhd8 23. Qa8+ Kc7 24. Ba5+ Nxa5 25. Qxa5+ Kb8 26. Qxd8+ Rxd8 27. Rxd8+ Ka7 28. a3 Qe2 29. Rd7 Qxf2 30. Rhd1 f5 31. R1d4 Qf1+ 32. Ka2 e5 33. Rb4 Qa6 34. Rbxb7+ Qxb7 35. Rxb7+ Kxb7 36. Kb3 Ka6 37. Kc4 e4 38. g3 Ka5 39. Kd4 Kb5 40. b3 Ka6 41. g4 fxg4 42. Kxe4 Kb5 43. Kf4 g3 44. Kxg3 Kxc5 45. Kf4 Kd4 46. Kf5 c5 47. Kg6 1-0